Código uniforme de comercio de los Estados Unidos: texto oficial
Guardat en:
| Format: | Llibre |
|---|---|
| Idioma: | espanyol |
| Publicat: |
Madrid
Marcial Pons
2002
|
| Matèries: | |
| Etiquetes: |
Afegir etiqueta
Sense etiquetes, Sigues el primer a etiquetar aquest registre!
|
MARC
| LEADER | 00000nam a2200000 a 4500 | ||
|---|---|---|---|
| 001 | UCL9360 | ||
| 003 | CL-VaPUC | ||
| 008 | 040806e20020000SP |||||||||||||||||spa|d | ||
| 020 | |a 8472489604 | ||
| 082 | 0 | 4 | |a 346.7307 |b COD |2 21 |
| 245 | 1 | 0 | |a Código uniforme de comercio de los Estados Unidos: texto oficial |
| 300 | |a 519 p | ||
| 942 | |c BK | ||
| 945 | |d 20040806 00:00:00 |a cmena | ||
| 260 | |a Madrid |b Marcial Pons |c 2002 | ||
| 650 | 0 | |a Derecho comercial |9 256340 | |
| 650 | 0 | |a Código de comercio |9 329302 | |
| 650 | 0 | |a Contratos |9 255153 | |
| 650 | 0 | |a Responsabilidad contractual |9 256720 | |
| 650 | 0 | |a Ordenamiento jurídico |9 355371 | |
| 651 | 0 | |a Estados Unidos |9 255178 | |
| 583 | |a last modification |c 20040806 00:00:00 |k Rodrigo Vera | ||
| 999 | |c 310155 |d 310153 | ||
| 952 | |0 0 |1 0 |4 0 |6 346_730700000000000_COD_2002 |7 0 |8 A |9 378368 |a BIBDER |b BIBDER |d 2019-11-21 |i 4042735 |o 346.7307 COD 2002 |p 4042735 |r 2023-01-25 |w 2019-11-21 |y BK |k DER | ||